[Event "Olimpiade 2014 - Open"]
[Site "Tromsø"]
[Date "12.08.2014"]
[Round "10.62"]
[Board "3"]
[White "Van Hoolandt, Patrick"]
[Black "Mohannad, Farhan"]
[Result "0-1"]
[WhiteTitle "FM"]
[BlackTitle "FM"]
[WhiteElo "2236"]
[BlackElo "2321"]
[WhiteTeam "Monaco"]
[BlackTeam "Jordan"]
[WhiteFideId "200999"]
[BlackFideId "8100918"]
[EventDate "2014.08.02"]

1. d4 Nf6 2. c4 d6 3. Nc3 g6 4. e4 Bg7 5. Nf3 O-O 6. Be3 Nbd7 7. h3 e5 8. d5 Nh5
9. g3 a5 10. Be2 Nc5 11. Nd2 Nf6 12. g4 Ne8 13. h4 f5 14. h5 fxg4 15. hxg6 hxg6
16. Nf1 Nf6 17. Ng3 Qe8 18. Kd2 c6 19. Qc2 Bd7 20. Rag1 Rc8 21. Ke1 cxd5 22.
exd5 e4 23. Qd2 Bf5 24. Nb5 Qe7 25. Bxc5 Rxc5 26. Nd4 Bd7 27. Nf1 a4 28. Ne3 Qe5
29. Nec2 b5 30. cxb5 Qxd5 31. b3 axb3 32. axb3 Qa8 33. Qb4 Rfc8 34. Bc4+ d5 35.
Nc6 R5xc6 36. bxc6 Qxc6 37. Nd4 Qa8 38. Be2 Qa1+ 39. Bd1 Rc1 40. Qd2 e3 41. fxe3
Ne4 42. Nc2 Rxd1+ 43. Qxd1 Bc3+ 0-1

[Event "Olimpiade 2014 - Open"]
[Site "Tromsø"]
[Date "12.08.2014"]
[Round "10.62"]
[Board "4"]
[White "Khader, Sami"]
[Black "Ribbegren, Karl Johan"]
[Result "1-0"]
[WhiteTitle "IM"]
[WhiteElo "2352"]
[BlackElo "2211"]
[WhiteTeam "Jordan"]
[BlackTeam "Monaco"]
[WhiteFideId "8100500"]
[BlackFideId "5400040"]
[EventDate "2014.08.02"]

1. e4 c5 2. c3 g6 3. d4 cxd4 4. cxd4 d5 5. e5 Nc6 6. Nc3 Bg7 7. Bf4 Nh6 8. Bb5
e6 9. Nf3 Nf5 10. Qd2 Bd7 11. Bxc6 Bxc6 12. O-O O-O 13. Bg5 f6 14. exf6 Bxf6 15.
Rae1 Nxd4 16. Nxd4 Bxg5 17. f4 Bf6 18. Nxe6 Qb6+ 19. Kh1 Rf7 20. f5 d4 21. fxg6
hxg6 22. Qd3 Bxg2+ 23. Kxg2 Qc6+ 24. Ne4 Re8 25. Nxd4 Qd5 26. Qb3 1-0

[Event "Olimpiade 2014 - Open"]
[Site "Tromsø"]
[Date "12.08.2014"]
[Round "10.63"]
[Board "1"]
[White "De La Riva Aguado, Oscar"]
[Black "Alice, Mateus Felizardo Viageiro"]
[Result "1-0"]
[WhiteTitle "GM"]
[BlackTitle "FM"]
[WhiteElo "2523"]
[BlackElo "2121"]
[WhiteTeam "Andorra"]
[BlackTeam "Mozambique"]
[WhiteFideId "6900224"]
[BlackFideId "14800047"]
[EventDate "2014.08.02"]

1. e4 c5 2. Nf3 d6 3. d4 cxd4 4. Nxd4 Nf6 5. Nc3 a6 6. h3 e5 7. Nde2 b5 8. g4
Bb7 9. Bg2 b4 10. Nd5 Nxd5 11. exd5 Be7 12. Ng3 g6 13. Be3 Nd7 14. O-O O-O 15.
Qd2 Rb8 16. a3 bxa3 17. Rxa3 Qc7 18. Kh2 Rfc8 19. Rc1 Ra8 20. c4 a5 21. c5 Nxc5
22. Rxc5 dxc5 23. d6 Qd7 24. Bxb7 Qxb7 25. dxe7 Qxe7 26. Ne4 Ra6 27. Rd3 Ra7 28.
Bg5 Qf8 29. Rd5 Ra6 30. Nf6+ Kh8 31. Nd7 1-0

[Event "Olimpiade 2014 - Open"]
[Site "Tromsø"]
[Date "12.08.2014"]
[Round "10.63"]
[Board "2"]
[White "Mucongoma, Miguel Jose Maconi"]
[Black "Simonet, Marc"]
[Result "1/2-1/2"]
[WhiteTitle "FM"]
[BlackTitle "FM"]
[WhiteElo "2194"]
[BlackElo "2222"]
[WhiteTeam "Mozambique"]
[BlackTeam "Andorra"]
[WhiteFideId "14800080"]
[BlackFideId "6900127"]
[EventDate "2014.08.02"]

1. Nf3 Nf6 2. d4 e6 3. g3 b6 4. Bg2 Bb7 5. O-O Be7 6. c4 O-O 7. Nc3 Ne4 8. Qc2
Nxc3 9. Qxc3 f5 10. Rd1 Bf6 11. b4 a5 12. b5 d6 13. Bb2 Nd7 14. a4 Qe7 15. Qd2
Rad8 16. Rac1 Rfe8 17. Ba3 Be4 18. Ne1 Bxg2 19. Nxg2 e5 20. e3 exd4 21. exd4 Bg5
22. f4 Bf6 23. Re1 Qf7 24. Ne3 Re4 25. Bb2 Rde8 26. Nd5 Bd8 27. Rxe4 Rxe4 28.
Re1 Qe6 29. Kf2 Rxe1 30. Qxe1 Qxe1+ 31. Kxe1 Nf6 32. Nxf6+ Bxf6 33. Ke2 Kf7 34.
Ke3 Ke7 35. Ba3 Kd7 1/2-1/2

[Event "Olimpiade 2014 - Open"]
[Site "Tromsø"]
[Date "12.08.2014"]
[Round "10.63"]
[Board "3"]
[White "Garcia Paolicchi, Raul"]
[Black "Calicoca, Wilton Inacio"]
[Result "0-1"]
[WhiteTitle "FM"]
[WhiteElo "2176"]
[BlackElo "2218"]
[WhiteTeam "Andorra"]
[BlackTeam "Mozambique"]
[WhiteFideId "6900020"]
[BlackFideId "14800268"]
[EventDate "2014.08.02"]

1. d4 d5 2. Nf3 Nf6 3. c4 c6 4. e3 e6 5. b3 Bb4+ 6. Nbd2 O-O 7. Bd3 Nbd7 8. O-O
b6 9. a3 Bd6 10. Bb2 Bb7 11. Ne5 c5 12. cxd5 Bxd5 13. Nxd7 Nxd7 14. e4 Bb7 15.
e5 Be7 16. Be4 Qc7 17. Qf3 Bxe4 18. Qxe4 cxd4 19. Bxd4 Rac8 20. Nc4 Rfd8 21. Qg4
g6 22. Rfd1 Nc5 23. Bxc5 Qxc5 24. a4 a6 25. Qf4 Qb4 26. Rxd8+ Rxd8 27. Qf3 b5
28. axb5 axb5 29. Na5 Qd4 30. Rf1 Qd5 31. Qxd5 Rxd5 32. Nc6 Bf8 33. Rc1 Rd3 34.
Rb1 Bc5 35. b4 Bb6 36. Ne7+ Kf8 37. Nc8 Bc7 38. Na7 Rd5 39. Kf1 Bxe5 40. Ke2 h5
41. Rd1 Rxd1 42. Kxd1 Bxh2 43. Nxb5 Bb8 44. Ke2 Ke7 45. Kd3 Kd7 46. f3 Kc6 47.
Kc4 Be5 48. Na3 g5 49. Nc2 f6 50. Ne1 Bb8 51. Nd3 Ba7 52. Nc1 Kd6 53. Ne2 h4 54.
Nc3 Ke5 55. Kd3 f5 56. Ke2 Kf4 57. Nb5 Bb6 58. Nc3 Bd4 59. Nb5 Be5 60. Kf2 g4
61. fxg4 fxg4 62. Kg1 Kg3 63. Na3 Bd4+ 64. Kh1 Bf2 65. Nc4 h3 66. gxh3 Kxh3 0-1

[Event "Olimpiade 2014 - Open"]
[Site "Tromsø"]
[Date "12.08.2014"]
[Round "10.63"]
[Board "4"]
[White "Maia, Mariano Tesoura De"]
[Black "Ribera Bazan, Jose"]
[Result "0-1"]
[WhiteElo "2141"]
[BlackElo "2117"]
[WhiteTeam "Mozambique"]
[BlackTeam "Andorra"]
[WhiteFideId "14800136"]
[BlackFideId "6900305"]
[EventDate "2014.08.02"]

1. d4 f5 2. g3 Nf6 3. Bg2 g6 4. Nf3 Bg7 5. O-O O-O 6. c4 d6 7. Nc3 c6 8. Qc2 Nh5
9. e3 e5 10. dxe5 dxe5 11. b3 Qe7 12. a4 Na6 13. Bb2 Nb4 14. Qe2 a5 15. Rfd1 Nf6
16. Qd2 e4 17. Ne1 Ng4 18. Qd6 Qf7 19. Bf1 Be6 20. Be2 Bf6 21. Qd2 h5 22. f3
Rad8 23. Qc1 exf3 24. Nxf3 Qg7 25. h4 Qc7 26. Kg2 Nc2 27. Rxd8 Rxd8 28. Nd1 Nxa1
29. Qxa1 Rxd1 30. Bxd1 Bxb2 31. Qxb2 Nxe3+ 32. Kh2 Nxd1 33. Qe2 Qd6 34. Nd4 Qxd4
35. Qxe6+ Kh7 36. Qe7+ Qg7 0-1

[Event "Olimpiade 2014 - Open"]
[Site "Tromsø"]
[Date "12.08.2014"]
[Round "10.64"]
[Board "1"]
[White "Cilia Vincenti, David"]
[Black "Machin Rivera, Mark"]
[Result "0-1"]
[WhiteTitle "CM"]
[BlackTitle "FM"]
[WhiteElo "2154"]
[BlackElo "2341"]
[WhiteTeam "Malta"]
[BlackTeam "Puerto Rico"]
[WhiteFideId "5600197"]
[BlackFideId "3101126"]
[EventDate "2014.08.02"]

1. d4 g6 2. c4 Bg7 3. e4 d6 4. Nc3 Nf6 5. h3 O-O 6. Be3 e5 7. d5 a5 8. Nf3 Na6
9. Be2 Nd7 10. g4 Ndc5 11. Rg1 Kh8 12. Qd2 Bd7 13. Bh6 Bxh6 14. Qxh6 f6 15.
O-O-O Qe7 16. Nh4 Qg7 17. Qe3 a4 18. Kb1 Rad8 19. Rg3 Qe7 20. Rdg1 Kg7 21. Ng2
Kh8 22. Bd1 f5 23. gxf5 gxf5 24. Qh6 Qf6 25. Qxf6+ Rxf6 26. f3 f4 27. Rg5 h6 28.
Rh5 Rg8 0-1

[Event "Olimpiade 2014 - Open"]
[Site "Tromsø"]
[Date "12.08.2014"]
[Round "10.64"]
[Board "2"]
[White "Montalvo Rosario, Alejandro"]
[Black "Pace, Colin"]
[Result "1-0"]
[WhiteTitle "IM"]
[BlackTitle "CM"]
[WhiteElo "2296"]
[BlackElo "2139"]
[WhiteTeam "Puerto Rico"]
[BlackTeam "Malta"]
[WhiteFideId "3100260"]
[BlackFideId "5600189"]
[EventDate "2014.08.02"]

1. d4 d5 2. Nf3 e6 3. Bf4 Nf6 4. e3 c5 5. c3 Nc6 6. Nbd2 Bd6 7. Bg3 O-O 8. Bd3
Qe7 9. Ne5 Nd7 10. Nxd7 Qxd7 11. f4 f5 12. O-O c4 13. Be2 b5 14. a3 a5 15. Bh4
Bb7 16. g4 b4 17. a4 Kh8 18. Qe1 Ne7 19. Bxe7 Bxe7 20. Nf3 b3 21. Ne5 Qe8 22.
gxf5 exf5 23. Bf3 Rc8 24. Kh1 Bf6 25. Qg3 Bxe5 26. dxe5 Rd8 27. Rg1 g6 28. h4
Rg8 29. Rg2 Bc6 30. Qg5 Qe6 31. Kh2 Rd7 32. Rd2 Qf7 33. Rad1 Qe6 34. Rd4 Qf7 35.
Rg1 Qe6 36. Qh6 Qe7 37. Kh3 Qg7 38. Qg5 h6 39. Qg2 Qf7 40. Rgd1 Rgd8 41. Kg3 Kh7
42. Kf2 Qe6 43. Ke2 Qf7 44. h5 gxh5 45. Qh3 Rg8 46. Bxh5 Qe6 47. Bf3 Qf7 48. e4
dxe4 49. Bh5 Qg7 50. Qxf5+ Kh8 51. Qf6 Qxf6 52. exf6 Rxd4 53. Rxd4 Bxa4 54. Ke3
Rf8 55. Rxc4 Bd7 56. Rc7 Be6 57. Rc6 Bd7 58. Rd6 Bb5 59. f7 Kg7 60. Rd5 Bc4 61.
Rxa5 Bd3 62. Re5 Bc2 63. Re8 Bd3 64. f5 Rxf7 65. Bxf7 Kxf7 66. Re6 Kg7 67. Kf4
Bc2 68. c4 h5 69. c5 Bd3 70. c6 1-0

[Event "Olimpiade 2014 - Open"]
[Site "Tromsø"]
[Date "12.08.2014"]
[Round "10.64"]
[Board "3"]
[White "Zerafa, Robert"]
[Black "Santana Otero, Orlando"]
[Result "1/2-1/2"]
[WhiteTitle "CM"]
[WhiteElo "2084"]
[BlackElo "2125"]
[WhiteTeam "Malta"]
[BlackTeam "Puerto Rico"]
[WhiteFideId "5600618"]
[BlackFideId "3100090"]
[EventDate "2014.08.02"]

1. d4 Nf6 2. c4 d6 3. Nc3 g6 4. g3 Bg7 5. Bg2 O-O 6. e3 Nbd7 7. Nge2 c6 8. O-O
e5 9. b3 Re8 10. Ba3 Bf8 11. Qc2 Qa5 12. Qb2 exd4 13. Nxd4 Qh5 14. Qe2 Qa5 15.
Bb2 Bg7 16. Rad1 Nf8 17. Rd2 h5 18. h3 N8h7 19. Nf3 Nd7 20. Rc1 Bf8 21. Rdd1 Nc5
22. Nd2 Bf5 23. e4 Ng5 24. Kh2 Rad8 25. a3 Qc7 26. b4 Ncxe4 27. Ncxe4 Bxe4 28.
Nxe4 Nxe4 29. Qe3 f5 30. Qxa7 h4 31. Qd4 hxg3+ 32. fxg3 Bg7 33. Qxg7+ Qxg7 34.
Bxg7 Kxg7 35. Rd4 Ng5 36. Rcd1 Re6 37. a4 Kf6 38. a5 Ke7 39. b5 Re2 40. R4d3 Ra2
41. R1d2 Rxa5 42. bxc6 bxc6 43. Bxc6 Nf7 44. Bd5 Ne5 45. Rb3 Rc5 46. Rb4 Rdc8
47. Rb7+ Kf6 48. Rb6 Ke7 49. Rb7+ R8c7 50. Rxc7+ Rxc7 51. Rc2 Rc5 52. Kg2 Kf6
53. h4 Ra5 54. Rd2 Ra3 55. Bg8 Ke7 56. Rc2 Ng4 57. Re2+ Kf8 58. Bd5 Ne3+ 59. Kf2
Ng4+ 60. Kg2 Ne3+ 61. Kf2 Ng4+ 1/2-1/2

[Event "Olimpiade 2014 - Open"]
[Site "Tromsø"]
[Date "12.08.2014"]
[Round "10.64"]
[Board "4"]
[White "Vazquez Maccarini, Danitza"]
[Black "Vella, Duncan"]
[Result "0-1"]
[WhiteTitle "WIM"]
[BlackTitle "CM"]
[WhiteElo "1965"]
[BlackElo "1979"]
[WhiteTeam "Puerto Rico"]
[BlackTeam "Malta"]
[WhiteFideId "3101193"]
[BlackFideId "5600243"]
[EventDate "2014.08.02"]

1. e4 c5 2. Nf3 d6 3. d4 cxd4 4. Nxd4 Nf6 5. Nc3 g6 6. Be3 Bg7 7. f3 a6 8. Qd2
Nbd7 9. g4 b5 10. g5 Nh5 11. f4 Bb7 12. Bg2 e5 13. Nde2 exf4 14. Nxf4 Nxf4 15.
Bxf4 Ne5 16. Bxe5 Bxe5 17. O-O-O O-O 18. Nd5 Bxd5 19. exd5 f6 20. Kb1 fxg5 21.
Bh3 Rf4 22. Be6+ Kg7 23. Qe3 Qc7 24. Rhf1 Raf8 25. Rxf4 Rxf4 26. a3 Rc4 27. Qf2
Bf4 28. Rd4 Qc5 29. c3 Rxd4 30. cxd4 Qc1+ 31. Ka2 Qe3 32. Qc2 Qxd4 33. Qc7+ Kh6
34. Qd8 Be5 35. Qf8+ Bg7 0-1

[Event "Olimpiade 2014 - Open"]
[Site "Tromsø"]
[Date "12.08.2014"]
[Round "10.65"]
[Board "2"]
[White "Joseph, Elton"]
[Black "Taleb Mohamed, Ahmed"]
[Result "0-1"]
[BlackTitle "CM"]
[WhiteElo "1779"]
[BlackElo "2024"]
[WhiteTeam "Bahamas"]
[BlackTeam "Mauritania"]
[WhiteFideId "10400036"]
[BlackFideId "19600038"]
[EventDate "2014.08.02"]

1. c4 Nf6 2. Nc3 e5 3. g3 Bc5 4. e3 Nc6 5. Bg2 d5 6. cxd5 Nb4 7. d3 Nbxd5 8. a3
O-O 9. Nge2 Bg4 10. O-O Re8 11. h3 Be6 12. Qc2 Qe7 13. b4 Bb6 14. Bb2 Rad8 15.
Rad1 c6 16. d4 Nxc3 17. Bxc3 e4 18. Bxe4 Bxh3 19. Bg2 Bxg2 20. Kxg2 Ng4 21. Rh1
h6 22. Qd3 Bc7 23. Rh4 Qg5 24. Nf4 Bxf4 25. exf4 Qd5+ 26. Qf3 f5 27. Rhh1 Re2
28. Qxd5+ cxd5 29. Rhe1 Ne3+ 30. Kf3 Nxd1 31. Rxd1 Ra2 32. Bd2 Rxa3+ 33. Be3 Rc8
34. Rb1 Rcc3 35. Ke2 Ra2+ 36. Kf3 b6 37. b5 Raa3 38. Ke2 Rcb3 39. Rc1 Rxb5 40.
Rc7 a5 41. Rc2 Rab3 42. Bc1 a4 43. Ra2 Ra5 44. Kd2 b5 45. Kc2 Ra8 46. Bb2 Rf3 0-1

[Event "Olimpiade 2014 - Open"]
[Site "Tromsø"]
[Date "12.08.2014"]
[Round "10.65"]
[Board "3"]
[White "Sabar, Ethmane Daouda"]
[Black "Knowles, Kendrick"]
[Result "0-1"]
[WhiteElo "2002"]
[BlackElo "1688"]
[WhiteTeam "Mauritania"]
[BlackTeam "Bahamas"]
[WhiteFideId "19600097"]
[BlackFideId "10400451"]
[EventDate "2014.08.02"]

1. d4 Nf6 2. Nf3 g6 3. g3 Bg7 4. Bg2 O-O 5. c4 d6 6. Nc3 Nc6 7. O-O a6 8. Re1 e5
9. Bg5 h6 10. Bxf6 Qxf6 11. Nd5 Qd8 12. dxe5 Nxe5 13. Nxe5 Bxe5 14. Qc2 c6 15.
Nb4 Qb6 16. Nd3 Bg7 17. Rad1 Bf5 18. e4 Bg4 19. Rd2 Rad8 20. h3 Bc8 21. Kh2 Qa5
22. b4 Qa3 23. Rb1 Qc3 24. b5 axb5 25. cxb5 d5 26. bxc6 bxc6 27. Nb4 dxe4 28.
Qxc3 Bxc3 29. Rxd8 Rxd8 30. Nxc6 Re8 31. Rb8 Bd7 32. Rxe8+ Bxe8 33. Bxe4 Kg7 34.
Kg2 f5 35. Bd5 Kf6 36. Kf3 g5 37. Ke3 Bd7 38. f4 Be1 39. Ne5 Bb5 40. Kf3 Bf1 41.
Bc4 Bxh3 42. a4 g4+ 43. Ke2 Bxg3 44. Nd3 Bg2 45. Nb4 Bxf4 46. Bd5 Bd6 47. Bxg2
Bxb4 48. Kd3 Ke5 49. Ke3 f4+ 50. Ke2 h5 51. Bb7 h4 52. Kf2 Bc5+ 53. Kg2 h3+ 54.
Kh2 Kf5 55. a5 Kg5 56. a6 Kh4 0-1

[Event "Olimpiade 2014 - Open"]
[Site "Tromsø"]
[Date "12.08.2014"]
[Round "10.65"]
[Board "4"]
[White "Moncur, Cecil"]
[Black "Cheiguer, Mohamed Abdellahi"]
[Result "1-0"]
[WhiteElo "1689"]
[BlackElo "1802"]
[WhiteTeam "Bahamas"]
[BlackTeam "Mauritania"]
[WhiteFideId "10400583"]
[BlackFideId "19601034"]
[EventDate "2014.08.02"]

1. d4 d5 2. c4 c6 3. cxd5 cxd5 4. Nc3 Nf6 5. Bf4 Nc6 6. e3 Qb6 7. Qb3 Qxb3 8.
axb3 Bd7 9. Nf3 Nb4 10. Kd2 a6 11. Ne5 Rc8 12. f3 Nh5 13. Nxd7 Kxd7 14. Be5 f6
15. Bg3 Nxg3 16. hxg3 e6 17. Bd3 h6 18. g4 Bd6 19. Ne2 Rc7 20. Rhc1 Rhc8 21.
Rxc7+ Rxc7 22. f4 e5 23. Rh1 e4 24. Bb1 Ke6 25. Rh5 Kf7 26. Nc3 g5 27. fxg5 hxg5
28. Na4 Kg7 29. Rh1 Nc6 30. Rc1 Bb4+ 31. Kd1 Kg6 32. Nb6 f5 33. Nxd5 Rd7 34.
gxf5+ Kxf5 35. Nc3 Re7 36. Ke2 Na5 37. Nd5 Nxb3 38. Nxe7+ Bxe7 39. Rf1+ Ke6 40.
Ba2 1-0

[Event "Olimpiade 2014 - Open"]
[Site "Tromsø"]
[Date "12.08.2014"]
[Round "10.66"]
[Board "1"]
[White "Sanon, Mondoly"]
[Black "Liu, Yeh Yang"]
[Result "0-1"]
[WhiteElo "2012"]
[BlackElo "1920"]
[WhiteTeam "Haiti"]
[BlackTeam "Chinese Taipei"]
[WhiteFideId "11900059"]
[BlackFideId "16300416"]
[EventDate "2014.08.02"]

1. d4 c5 2. Nf3 cxd4 3. Nxd4 Nf6 4. Nc3 a6 5. Bg5 d5 6. e3 e6 7. Be2 Be7 8. O-O
O-O 9. f4 Nc6 10. Rf3 h6 11. Bh4 Qc7 12. Nb3 b5 13. Bd3 Rd8 14. Rg3 e5 15. Bxf6
Bxf6 16. Qh5 e4 17. Nxd5 Rxd5 18. Qxd5 exd3 19. cxd3 Be6 20. Qc5 Qd7 21. Qh5
Qxd3 22. Rc1 Bxb3 23. axb3 Ne7 24. Qf3 Rd8 25. Qb7 Nf5 26. Rf3 Qd2 27. Rcf1 Nxe3
28. R3f2 Qd4 29. g3 Nxf1 30. Kxf1 Qd1+ 31. Kg2 Bd4 32. Rf3 Qe2+ 33. Kh3 Bg1 34.
Kg4 g6 35. Qe7 f5+ 0-1

[Event "Olimpiade 2014 - Open"]
[Site "Tromsø"]
[Date "12.08.2014"]
[Round "10.66"]
[Board "2"]
[White "Yang Ching Wei, Austin"]
[Black "Luxama, Jacques Muller"]
[Result "0-1"]
[WhiteElo "1883"]
[BlackElo "1893"]
[WhiteTeam "Chinese Taipei"]
[BlackTeam "Haiti"]
[WhiteFideId "16300440"]
[BlackFideId "11900113"]
[EventDate "2014.08.02"]

1. e4 e5 2. Nf3 Nf6 3. Nxe5 d6 4. Nf3 Nxe4 5. Nc3 Nf6 6. d4 d5 7. Bg5 Be7 8. Bd3
O-O 9. Qd2 c6 10. O-O-O b5 11. Rde1 Nbd7 12. h4 a5 13. g4 a4 14. h5 b4 15. Nd1
c5 16. Ne3 c4 17. Nf5 Re8 18. Nxg7 Kxg7 19. Bh6+ Kh8 20. Ng5 Rf8 21. Bxf8 Qxf8
22. Bxh7 Nxh7 23. Nxh7 Kxh7 24. g5 Bxg5 25. Qxg5 Qh6 26. f4 Qxg5 27. fxg5 Nf8
28. Re7 Kg8 29. Rf1 Be6 30. Kd2 Ra6 31. Rf4 Rc6 32. c3 a3 33. cxb4 axb2 34. Kc2
c3 35. b5 Rc4 36. g6 Rxd4 37. gxf7+ Kg7 38. h6+ Kh7 39. Rxe6 Rxf4 40. Re1 Rb4
41. a4 Kxh6 42. a5 Rxb5 43. a6 Ra5 44. Kxc3 Rxa6 45. Kxb2 Kg7 46. Kc3 Ne6 47.
Re5 d4+ 48. Kc4 Rc6+ 49. Kd3 Kxf7 50. Rf5+ Ke7 51. Rb5 Rc3+ 52. Kd2 Rh3 53. Ra5
Kf6 54. Rb5 Nf4 55. Ra5 Rh2+ 56. Kd1 d3 57. Rb5 Ke6 58. Ra5 Nd5 59. Rc5 Ne3+ 60.
Kc1 d2+ 0-1

[Event "Olimpiade 2014 - Open"]
[Site "Tromsø"]
[Date "12.08.2014"]
[Round "10.66"]
[Board "4"]
[White "Liao, Jo-Kai"]
[Black "Bazil, Joslin"]
[Result "1-0"]
[WhiteElo "1606"]
[BlackElo "1911"]
[WhiteTeam "Chinese Taipei"]
[BlackTeam "Haiti"]
[WhiteFideId "16300343"]
[BlackFideId "11900032"]
[EventDate "2014.08.02"]

1. e4 c5 2. Nf3 e6 3. d4 cxd4 4. Nxd4 a6 5. Nc3 Bc5 6. Nb3 Bb6 7. Bf4 Qf6 8. Qd2
Nc6 9. Bd3 h6 10. h3 Ne5 11. Bxe5 Qxe5 12. O-O-O g5 13. g3 Bc7 14. Rhf1 b5 15.
f4 Qg7 16. e5 f5 17. Be2 Ne7 18. Bh5+ Kf8 19. Nc5 b4 20. Nxe6+ 1-0

[Event "Olimpiade 2014 - Open"]
[Site "Tromsø"]
[Date "12.08.2014"]
[Round "10.67"]
[Board "1"]
[White "Hasford, John Kojo"]
[Black "Huguet, Sergio"]
[Result "0-1"]
[BlackTitle "FM"]
[WhiteElo "2055"]
[BlackElo "2055"]
[WhiteTeam "Ghana"]
[BlackTeam "Honduras"]
[WhiteFideId "12600083"]
[BlackFideId "2212552"]
[EventDate "2014.08.02"]

1. d4 Nf6 2. Nf3 g6 3. b3 Bg7 4. Bb2 O-O 5. e3 d6 6. Be2 c5 7. d5 e6 8. c4 exd5
9. cxd5 b5 10. O-O a6 11. a4 b4 12. Bc4 Re8 13. Nbd2 Bb7 14. Nb1 Nbd7 15. a5 Ne4
16. Qc2 Bxb2 17. Qxb2 Qf6 18. Ra2 Qf5 19. Ne1 Bxd5 20. Bxd5 Qxd5 21. f3 Nef6 22.
e4 Qe5 23. Nd3 Qxb2 24. Rxb2 d5 25. e5 Nxe5 26. Nxc5 Rec8 27. Na4 Rc6 28. Rd2
Ned7 29. Rd4 Rb8 30. Rf4 Rb5 31. g4 g5 32. Rf5 h6 33. Nd2 Rxa5 34. Ne4 Rb5 35.
Nxg5 hxg5 36. Rxg5+ Kf8 37. Rf5 d4 38. Rf4 d3 39. Rd1 Rd5 40. Rxb4 Rc2 41. Rc4
Ne5 42. Rf4 Nfd7 43. h4 d2 44. Kf1 Nd3 45. Rc4 Rc1 46. Nc3 Rxc3 47. Rxc3 Nb2 48.
Rc8+ Kg7 49. Ke2 Nxd1 50. Kxd1 Ne5 51. Rc3 Kf6 52. Re3 Rd3 53. Rxd3 Nxd3 54.
Kxd2 Ne5 55. Ke3 Nc6 56. Kd3 Ke5 57. Kc4 Kf4 58. Kc5 Ne5 59. Kb6 Nxf3 60. h5
Kxg4 61. h6 Ng5 62. Kxa6 f5 63. b4 f4 64. b5 f3 65. b6 f2 66. b7 f1=Q+ 67. Kb6
Qb1+ 68. Kc7 Qc2+ 69. Kd7 Qd3+ 70. Kc7 Qc4+ 71. Kb6 Qb4+ 72. Kc6 Kh5 73. h7 Nxh7
74. Kc7 Qc5+ 75. Kd8 Qb6+ 76. Kc8 Qc6+ 77. Kb8 Nf8 0-1

[Event "Olimpiade 2014 - Open"]
[Site "Tromsø"]
[Date "12.08.2014"]
[Round "10.67"]
[Board "2"]
[White "Gavarrete, Nahun"]
[Black "Anquandah, Francis Eric"]
[Result "1-0"]
[WhiteElo "2190"]
[BlackElo "1963"]
[WhiteTeam "Honduras"]
[BlackTeam "Ghana"]
[WhiteFideId "8400709"]
[BlackFideId "12600148"]
[EventDate "2014.08.02"]

1. e4 d5 2. exd5 Qxd5 3. Nc3 Qa5 4. d4 c6 5. Bc4 Bf5 6. Nf3 e6 7. O-O Nf6 8. Bb3
Bd6 9. Re1 O-O 10. h3 Nbd7 11. Bd2 Qc7 12. Nh4 Bg6 13. Nxg6 hxg6 14. Bg5 Bf4 15.
Bxf6 gxf6 16. Qf3 Kg7 17. Rad1 Bd6 18. Ne4 f5 19. Nxd6 Qxd6 20. c4 Nf6 21. Bc2
Rad8 22. Qc3 Rfe8 23. Re2 b6 24. Red2 Qc7 25. Bb1 Rh8 26. Qe3 Rd7 27. Bd3 Rh4
28. Be2 Rh8 29. Bf3 Rhd8 30. h4 f4 31. Qe1 Rh8 32. g3 fxg3 33. fxg3 Rhd8 34. Kg2
c5 35. d5 exd5 36. Bxd5 Re8 37. Re2 Rde7 38. Rdd2 Nh5 39. Rxe7 Rxe7 40. Qf2 f5
41. Bf3 Nf6 42. Re2 Re5 43. Qe1 Nd7 44. Qd2 Rxe2+ 45. Bxe2 Nf6 46. Qe3 Qd6 47.
Bf3 Kf7 48. b3 Qe7 49. Qh6 Qe5 50. h5 gxh5 51. Bxh5+ Ke6 52. Bf3 Qb2+ 53. Kh3
Qf2 54. Bd5+ Ke5 55. Qg7 Qf1+ 56. Bg2 Qc1 57. Qe7+ Kd4 58. Qxf6+ Kd3 59. Qxf5+
Kc3 60. g4 Kb4 61. g5 Qe3+ 62. Bf3 Ka3 63. g6 Kxa2 64. Qg4 Qh6+ 65. Kg2 Qg7 66.
Bd1 a5 67. Qe6 Ka3 68. Kg3 Qc3+ 69. Bf3 Kxb3 70. Qe7 Qg7 71. Qxg7 1-0

[Event "Olimpiade 2014 - Open"]
[Site "Tromsø"]
[Date "12.08.2014"]
[Round "10.67"]
[Board "4"]
[White "Deras Flores, Rodolfo"]
[Black "Thompson, Edward Nii Lamptey"]
[Result "0-1"]
[WhiteElo "1904"]
[BlackElo "1854"]
[WhiteTeam "Honduras"]
[BlackTeam "Ghana"]
[WhiteFideId "8400490"]
[BlackFideId "12600113"]
[EventDate "2014.08.02"]

1. c4 e5 2. Nc3 Nc6 3. Nf3 Nf6 4. d4 e4 5. Nd2 Bb4 6. e3 O-O 7. Qc2 Bxc3 8. bxc3
d5 9. Bb2 Re8 10. Be2 Bg4 11. Bxg4 Nxg4 12. cxd5 Qxd5 13. h3 Nf6 14. O-O Qf5 15.
f3 Qg5 16. f4 Qg3 17. Rae1 Nd5 18. Nxe4 Nxe3 19. Nxg3 Nxc2 20. Rxe8+ Rxe8 21.
Bc1 Na5 22. Kf2 Nc4 23. Nf5 g6 24. Nh6+ Kg7 25. Ng4 f6 26. Kf3 h5 27. Nf2 N4e3
28. Rg1 Nd5 29. c4 Nxd4+ 30. Kg3 Ne2+ 31. Kh2 Nxg1 32. cxd5 Ne2 33. Bd2 h4 34.
Nd3 Ng3 35. Be1 Re3 0-1

[Event "Olimpiade 2014 - Open"]
[Site "Tromsø"]
[Date "12.08.2014"]
[Round "10.68"]
[Board "1"]
[White "Klaas, Tokelo"]
[Black "Magana, Ben"]
[Result "0-1"]
[BlackTitle "CM"]
[WhiteElo "1653"]
[BlackElo "2085"]
[WhiteTeam "Lesotho"]
[BlackTeam "Kenya"]
[WhiteFideId "21300020"]
[BlackFideId "10800166"]
[EventDate "2014.08.02"]

1. d4 d5 2. c4 e5 3. cxd5 Qxd5 4. dxe5 Qxd1+ 5. Kxd1 Nc6 6. Nf3 Bf5 7. Bd2 O-O-O
8. Nc3 Nge7 9. e4 Bg4 10. Be2 Ng6 11. Kc2 Bxf3 12. gxf3 Nd4+ 13. Kc1 Nxe5 14. f4
Nxe2+ 15. Nxe2 Nd3+ 16. Kc2 Nxf2 17. Rhf1 Nxe4 18. Be3 Bc5 19. Bc1 f5 20. a3
Rhe8 21. b4 Bb6 22. Ra2 Nd2 23. Bxd2 Rxe2 24. Kc1 Rdxd2 25. Rxd2 Be3 26. Rd1
Rxh2 27. Kc2 Rxd2+ 28. Rxd2 Bxd2 29. Kxd2 h6 30. Ke3 g5 31. a4 Kd7 32. fxg5 hxg5 0-1